Practical business mathematics and statistics (Record no. 82111)

MARC details
000 -LEADER
fixed length control field 00877nam a2200169 a 4500
008 - FIXED-LENGTH DATA ELEMENTS--GENERAL INFORMATION
fixed length control field 120416s0000 ||||||||||||||||| || u
020 ## - INTERNATIONAL STANDARD BOOK NUMBER
International Standard Book Number 0074624202
050 ## - LIBRARY OF CONGRESS CALL NUMBER
Classification number HF 5691 Sah
100 ## - MAIN ENTRY--PERSONAL NAME
Personal name Saha, Suranjan
245 10 - TITLE STATEMENT
Title Practical business mathematics and statistics
246 ## -
-- for CWA intermediate examinations (New Syllubus)
260 ## - PUBLICATION, DISTRIBUTION, ETC.
Place of publication, distribution, etc. New Delhi
Name of publisher, distributor, etc. Tata McGraw-Hill
Date of publication, distribution, etc. 1995
350 ## -
-- 0.00
995 ## -
-- BINDERY (DAMAGED)
-- 0.00
-- 732191
-- CBU-MAIN LIBRARY (Kitwe)
-- 3
-- 33.00
-- HF 5691 Sah
-- 3
-- DAMAGED
-- 029961
-- Main Library Open Access Collection
995 ## -
-- MAIN LIBRARY OPEN ACCESS
-- 0.00
-- 732192
-- CBU-MAIN LIBRARY (Kitwe)
-- 1
-- 33.00
-- HF 5691 Sah
-- 1
-- AVAILABLE
-- Apr 25, 2006
-- 029959
-- Main Library Open Access Collection
995 ## -
-- BINDERY (DAMAGED)
-- 0.00
-- 732193
-- CBU-MAIN LIBRARY (Kitwe)
-- 2
-- 33.00
-- HF 5691 Sah
-- 2
-- DAMAGED
-- 029960
-- Main Library Open Access Collection
999 ## -
-- 82111
-- 82111
Holdings
Withdrawn status Lost status Source of classification or shelving scheme Damaged status Not for loan Permanent Location Current Location Shelving location Date acquired Total Checkouts Full call number Barcode Date last seen Copy number Price effective from Koha item type
          CBU-MAIN LIBRARY, KITWE. CBU-MAIN LIBRARY, KITWE.   09/12/2023   HF 5691 Sah 029961 09/12/2023 1 09/12/2023 MONOGRAPH
          CBU-MAIN LIBRARY, KITWE. CBU-MAIN LIBRARY, KITWE.   09/12/2023   HF 5691 Sah 029959 09/12/2023 2 09/12/2023 MONOGRAPH
          CBU-MAIN LIBRARY, KITWE. CBU-MAIN LIBRARY, KITWE.   09/12/2023   HF 5691 Sah 029960 09/12/2023 3 09/12/2023 MONOGRAPH